00676nam a2200241 a 4500001001300000003000900013005001700022008004100039020001000080082001500090100001500105245004000120260003600160300000900196500003500205505001700240650001600257700001500273902000800288942000700296952011600303999001500419nice12345678IN_TiNIC20260116012732.0050524s1984 dela grp 000 0 eng  ac15000a958.1bGOY aGoyal, D R aAfghanistan Behind the Smoke Screen aDelhibAjanta Publicationc1984 a314p aincludes index and biblioraphy2 aBibliography aAfghanistan1 aGoyal, D R bSRS cBK 001040708StackRoom-aHMIbHMId2010-05-03g150.00l0o958.1 GOYp014188r2010-05-03v150.00w2005-05-24yBK c8162d8162